All British Empire Countries - Statistics

General Stats
  • This quiz has been taken 2,631 times
    480 since last reset
  • The average score is 54 of 87
Answers on the Map
Answers color-coded by a green-red scale on the quiz's map according to % correct below.
 
Answer Stats
Hint Hint Country % Correct
143 66 Canada
97%
556 185.9 India
94%
153 129 United States
94%
431 365 South Africa
90%
683.0 342.0 Australia
89%
363.0 82.5 Ireland
89%
377 86 United Kingdom
89%
776.7 391.9 New Zealand
86%
535.7 164.2 Pakistan
85%
447.0 171.3 Egypt
84%
465.8 259.9 Kenya
78%
448.5 209.5 Sudan
78%
615.0 140.9 China
77%
209.0 180.9 Bahamas
76%
583.0 181.8 Bangladesh
74%
478.8 149.9 Iraq
74%
398.0 230.8 Nigeria
73%
562 235.3 Sri Lanka
73%
459.1 282.5 Tanzania
73%
444.0 360.5 Lesotho
72%
610.3 247.2 Malaysia
72%
447.0 325.0 Zimbabwe
72%
597.0 188.5 Myanmar
71%
435.0 336.1 Botswana
70%
451.3 350.1 Eswatini
70%
418 328 Namibia
70%
449.6 239.5 South Sudan
70%
386 105 France
69%
459.0 157.0 Israel
69%
372 127.5 Spain
69%
206 200.2 Jamaica
68%
509.33 187.2 Oman
68%
488 230 Somalia
68%
438 310 Zambia
68%
453.1 256.6 Uganda
67%
488.3 208.2 Yemen
67%
782.9 320.1 Fiji
66%
378.2 234.5 Ghana
66%
703.7 282.4 Papua New Guinea
65%
502.0 182.5 United Arab Emirates
65%
462.3 158.9 Jordan
64%
180.9 203.6 Belize
63%
545.9 248.9 Maldives
62%
248 242 Guyana
61%
239.4 203.4 Saint Kitts and Nevis
60%
798.1 328.7 Tonga
60%
246.5 217.0 Barbados
59%
412.9 141.1 Malta
59%
495.7 176.2 Qatar
59%
614.2 256.7 Singapore
59%
635.5 264 Indonesia
58%
456.0 307.0 Malawi
58%
802.8 307.7 Samoa
58%
528.0 149.2 Afghanistan
57%
487.0 162.9 Kuwait
57%
243.2 214.6 Saint Lucia
57%
742.1 295.0 Solomon Islands
57%
785 295.3 Tuvalu
57%
455.3 143.7 Cyprus
56%
242.7 216.8 Saint Vincent and the Grenadines
56%
242.5 226.6 Trinidad and Tobago
56%
241.4 204.0 Antigua and Barbuda
55%
242.4 209.5 Dominica
55%
21.0 272.0 Kiribati
55%
755 264 Nauru
53%
506.5 276 Seychelles
53%
404.0 89.9 Germany
52%
241.6 220.6 Grenada
52%
759 318.6 Vanuatu
52%
494.3 174.0 Bahrain
51%
383.0 232.4 Togo
51%
693.3 140.0 Japan
50%
419.3 172.9 Libya
50%
510.1 329.1 Mauritius
50%
467 309.5 Mozambique
50%
393 86.9 Netherlands
49%
407.0 247.0 Cameroon
46%
344 216 Gambia
46%
354.0 232.9 Sierra Leone
46%
638.6 246.1 Brunei
41%
218 196 Haiti
38%
430 129 Greece
34%
624.3 219.9 Vietnam
34%
254.4 248.1 Suriname
27%
184.5 210.7 Honduras
25%
188.2 218.1 Nicaragua
21%
404.0 255.8 Equatorial Guinea
14%
No matching quizzes found
Score Distribution
Percent of People with Each Score
Percentile by Number Answered
Your Score History
You have not taken this quiz since the last reset